Music Quiz

Random Music Quiz
Score 0/10 Timer 02:00
0 Plays Today
Lyrics Song % Correct
'M-m-m-m-m-make the ground shake!'Aero Chord - Surface
93.6%
'Big ass titties!'Throttle - Next Big Thing
76.6%
'My dad says I should get a job..'Razihel - Bad Boy
66.2%
'What the f*ck was that?'Tut Tut Child - Dance To It
58.9%
'That's what I'm talkin' bout!'SCNDL - The Munsta
54.1%
'You so fly walkin' by..'Trivecta - One Night Only (feat. Yohamna Solange)
40.6%
'SHIIIIIEEEEETTT'Stephen Walking - Still Walking
29.6%
'Bust the jam!'Noisestorm - Together
24.3%
'Wait for it..'1uP - Whip It
21%
'F*ck your view of me.'Stephen Walking - Move
19.4%
Remove Ads.
Support Sporcle.
Get the best of Sporcle when you Go Orange. This ad-free experience offers more features, more stats, and more fun while also helping to support Sporcle. Thank you for becoming a member.

You're not logged in!

Compare scores with friends on all Sporcle quizzes.
OR
Log In

Show Comments

Extras

Created Jan 2, 2015ReportNominate
Tags:cat, Electronic Music

Top Quizzes Today


Score Distribution

Your Account Isn't Verified!

In order to create a playlist on Sporcle, you need to verify the email address you used during registration. Go to your Sporcle Settings to finish the process.

Report this User

Report this user for behavior that violates our Community Guidelines.

Details: